| 000 | 00641nam a22001932 4500 | ||
|---|---|---|---|
| 001 | 0000011929 | ||
| 005 | 20151217155848.0 | ||
| 008 | 090121s xx 000 0 eng d | ||
| 040 |
_aKABU _cKABU |
||
| 100 | 1 |
_aHordern, Charles. _@0000167994 |
|
| 245 | 1 | 0 |
_aMilitary operations East Africa : _bvolume 1 August 1914-September 1916 / _ccompiled by Charles Hordern. |
| 250 | _a1st ed. | ||
| 260 |
_aLondon : _bH. M. S. O., _c1941. |
||
| 300 | _axi, 603 p. | ||
| 650 | 0 |
_aWorld War 1914-1918 _xCampaigns _zAfrica, East. _@0000148801 |
|
| 852 | 1 | _9p500 KES | |
| 908 | _a090121 | ||
| 950 | _@1 | ||
| 999 |
_c13420 _d13420 |
||